000 00328nam a2200133Ia 4500
005 20251222144920.0
008 251222s9999||||xx |||||||||||||| ||spa||
020 _a84-398-6049-8
082 _a294.523.7/S98
100 _aBhaktivedanta, A.C.
245 0 _aVolver a nacer:
264 _bBhaktivedanta Book TrĂ¼st
942 _cLIB
999 _c22676
_d22676